Madura gazetteer/ (Record no. 26475)

000 -LEADER
fixed length control field 00397nam a22001571a 4500
020 ## - INTERNATIONAL STANDARD BOOK NUMBER
International Standard Book Number 9788170209690
082 ## - DEWEY DECIMAL CLASSIFICATION NUMBER
Classification number 910.309 548 2
Item number FRA/M
100 ## - MAIN ENTRY--PERSONAL NAME
Personal name Francis W
9 (RLIN) 117154
245 ## - TITLE STATEMENT
Title Madura gazetteer/
Statement of responsibility, etc. by Francis W
260 ## - PUBLICATION, DISTRIBUTION, ETC.
Place of publication, distribution, etc. New Delhi:
Name of publisher, distributor, etc. Cosmo,
Date of publication, distribution, etc. 2000.
300 ## - PHYSICAL DESCRIPTION
Extent 353p.
650 ## - SUBJECT ADDED ENTRY--TOPICAL TERM
Topical term or geographic name entry element Gazetteer Madura
9 (RLIN) 117155
650 ## - SUBJECT ADDED ENTRY--TOPICAL TERM
Topical term or geographic name entry element Gazatteer
9 (RLIN) 117156
650 ## - SUBJECT ADDED ENTRY--TOPICAL TERM
Topical term or geographic name entry element Geography
9 (RLIN) 117157
942 ## - ADDED ENTRY ELEMENTS (KOHA)
Koha item type Reference
Holdings
Withdrawn status Lost status Damaged status Not for loan Permanent Location Current Location Date acquired Cost, normal purchase price Total Checkouts Full call number Barcode Date last seen Cost, replacement price Price effective from Koha item type
Write off   Damaged Not For Loan Sree Sankaracharya University of Sanskrit Sree Sankaracharya University of Sanskrit 08.01.2015 1100.00   R 910.309 548 2 FRA/M 018580 08.01.2015 0.00 08.01.2015 Reference
        Sree Sankaracharya University of Sanskrit Sree Sankaracharya University of Sanskrit 08.01.2015 1100.00   R 910.309 548 2 FRA/M 018185 08.01.2015 0.00 08.01.2015 Reference